Bradford & Anor v James and Ors (Record no. 80519)
[ view plain ]
| 000 -LEADER | |
|---|---|
| fixed length control field | 01754cad a22002295a 4500 |
| 001 - CONTROL NUMBER | |
| control field | L144566 |
| 008 - FIXED-LENGTH DATA ELEMENTS--GENERAL INFORMATION | |
| fixed length control field | 080729e20080718xxk f v 000 0 eng d |
| 035 ## - SYSTEM CONTROL NUMBER | |
| System control number | (Sirsi) u144566 |
| 041 0# - LANGUAGE CODE | |
| Language code of text/sound track or separate title | eng |
| 245 00 - TITLE STATEMENT | |
| Title | Bradford & Anor v James and Ors |
| Medium | [electronic resource] |
| 260 ## - PUBLICATION, DISTRIBUTION, ETC. | |
| Date of publication, distribution, etc. | 2008 |
| 520 ## - SUMMARY, ETC. | |
| Summary, etc. | [2008] EWCA Civ 837, 18 July 2008. A plan annexed to a conveyance was unclear: extrinsic evidence was admissible to clarify and construe the conveyance and ascertain the intentions of the parties involved. Relevant to surveyors as the judge commented on the effectiveness of alternative dispute resolution as the preferred option for managing such disputes. Appellants (B) appealled against a decision that a cobbled strip outside the front door of their property belonged to respondents (J), stating that there was a lack of clarity in the plans and conveyancing for the properties involved. Held: There was a lack of clarity in a 1976 conveyance plan and extrinsic evidence was admissible to show the intents of the parties in relation to the land. Existing conversion plans for B's property would seem to indicate that the land fell within their boundary and that W (the previous owners of J's farm) had not objected to this when original plans for a conversion of B's property had been submitted. |
| 590 ## - LOCAL NOTE (RLIN) | |
| Local note | KA |
| 650 24 - SUBJECT ADDED ENTRY--TOPICAL TERM | |
| Topical term or geographic name entry element | BRADFORD & ANOR V JAMES & ORS |
| 650 24 - SUBJECT ADDED ENTRY--TOPICAL TERM | |
| Topical term or geographic name entry element | ALAN WIBBERLEY BUILDING LTD V INSLEY |
| 650 24 - SUBJECT ADDED ENTRY--TOPICAL TERM | |
| Topical term or geographic name entry element | ALI V LANE |
| 650 24 - SUBJECT ADDED ENTRY--TOPICAL TERM | |
| Topical term or geographic name entry element | HAYCOCKS AND ANOTHER V NEVILLE AND ANOTHER |
| 651 #4 - SUBJECT ADDED ENTRY--GEOGRAPHIC NAME | |
| Geographic name | England and Wales |
| Chronological subdivision | 1543- |
| 690 ## - LOCAL SUBJECT ADDED ENTRY--TOPICAL TERM (OCLC, RLIN) | |
| Topical term or geographic name as entry element | PROPERTY-PROPERTY MANAGEMENT-BOUNDARY DETERMINATION-BOUNDARIES |
| 856 40 - ELECTRONIC LOCATION AND ACCESS | |
| Uniform Resource Identifier | <a href="https://www.bailii.org/ew/cases/EWCA/Civ/2008/837.html">https://www.bailii.org/ew/cases/EWCA/Civ/2008/837.html</a> |
| Public note | View this case free of charge at www.bailii.org... |
| 942 ## - ADDED ENTRY ELEMENTS (KOHA) | |
| Suppress in OPAC | 0 |
| Withdrawn status | Lost status | Source of classification or shelving scheme | Damaged status | Not for loan | Home library | Current library | Shelving location | Date acquired | Total Checkouts | Full call number | Barcode | Date last seen | Copy number | Price effective from | Koha item type |
|---|---|---|---|---|---|---|---|---|---|---|---|---|---|---|---|
| Dewey Decimal Classification | Virtual | Virtual | Online | 29/07/2008 | ONLINE PUBLICATION | 144566-1001 | 06/08/2019 | 1 | 06/08/2019 | Law report |